| 000 | 00422nam a2200133Ia 4500 | ||
|---|---|---|---|
| 999 |
_c20276 _d20276 |
||
| 082 | _aRM.0005 | ||
| 100 | _aMohanty, Samarendra | ||
| 245 | 0 |
_aSocio-economic background of the convicts : _bA survey of the prison population in Orissa |
|
| 260 |
_c1987 _bICSSR, New Delhi |
||
| 300 | _a6, 196p. | ||
| 650 | _aPRISONERS - ORISSA | ||
| 710 | _aSambalpur University, Department of Anthropology and Sociology | ||
| 942 |
_cRP _2ddc |
||